|
|
|
|
| LEADER |
01084nam a22002532a 4500 |
| 001 |
000209196 |
| 003 |
CZ BrMZK |
| 005 |
20241112103538.0 |
| 007 |
ta |
| 008 |
970107s1982 xo f 000 0 slo d |
| 040 |
|
|
|a BOA001
|b cze
|
| 080 |
9 |
|
|a 808.54
|
| 080 |
9 |
|
|a 809.451.1:372:373.2=945.11(082)
|
| 245 |
0 |
0 |
|a Zborník štúdií o otázkach modernizácie vyučovacieho procesu v školách s vyučovacím jazykom maďarským /
|c autor: Imrich Bertók (zostavovateľ) ... [et al.]
|
| 250 |
|
|
|a 1. vyd.
|
| 260 |
|
|
|a Bratislava :
|b Slovenské pedagogické nakladateľstvo,
|c 1982
|
| 300 |
|
|
|a 258 s.
|
| 700 |
1 |
|
|a Bertók, Imre
|7 jo2003197080
|4 com
|
| 910 |
|
|
|a BOA001
|b PK-0093.463
|b 2-0847.347
|
| 964 |
|
|
|a Slovenština - vyučování - modernizace - školy základní maďarské
|
| 964 |
|
|
|a Maďarština - vyučování - modernizace - školy základní maďarské
|
| 990 |
|
|
|a BK
|
| 996 |
7 |
|
|b 2619392583
|c 2-0847.347
|l MZK
|r Sklad / do 1 hodiny
|n 0
|w 000209196
|u 000020
|a 1
|e BOA001
|j MZK50
|s A
|
| 996 |
7 |
|
|b 3119903340
|c PK-0093.463
|l MZK
|r Sklad / do 1 hodiny
|n 0
|w 000209196
|u 000010
|a 1
|e BOA001
|j MZK50
|s A
|